A textbook of spectroscopy / (Record no. 8608)

MARC details
000 -LEADER
fixed length control field 00801nac a22002531i 4500
003 - CONTROL NUMBER IDENTIFIER
control field EG-ScBUE
005 - DATE AND TIME OF LATEST TRANSACTION
control field 20250729090308.0
008 - FIXED-LENGTH DATA ELEMENTS--GENERAL INFORMATION
fixed length control field 250729s2003 ii a f 000 0 eng d
020 ## - INTERNATIONAL STANDARD BOOK NUMBER
International Standard Book Number 8126113502
020 ## - INTERNATIONAL STANDARD BOOK NUMBER
International Standard Book Number 9788126113507
040 ## - CATALOGING SOURCE
Original cataloging agency EG-ScBUE
Language of cataloging eng
Description conventions rda
Transcribing agency EG-ScBUE
Modifying agency EG-ScBUE
082 04 - DEWEY DECIMAL CLASSIFICATION NUMBER
Classification number 543.0858
Item number YAD
Edition number 22
100 1# - MAIN ENTRY--PERSONAL NAME
Personal name Yadav, M. S,
Relator term author.
245 12 - TITLE STATEMENT
Title A textbook of spectroscopy /
Statement of responsibility, etc by M. S. Yadav, M.Sc., Ph.D.
250 ## - EDITION STATEMENT
Edition statement Second revised edition.
264 #1 - PUBLICATION, DISTRIBUTION, ETC. (IMPRINT)
Place of publication, distribution, etc New Delhi :
Name of publisher, distributor, etc Anmol Publications PVT. LTD,
Date of publication, distribution, etc 2003.
300 ## - PHYSICAL DESCRIPTION
Extent 469 pages :
Other physical details illustrations ;
Dimensions 22 cm
336 ## - CONTENT TYPE
Source rdacontent
Content type term text
Content type code txt
337 ## - MEDIA TYPE
Media type term unmediated
Source rdamedia
Media type code n
338 ## - CARRIER TYPE
Carrier type term volume
Carrier type code nc
Source rdacarrier
650 #7 - SUBJECT ADDED ENTRY--TOPICAL TERM
Topical term or geographic name as entry element Spectrum analysis.
Source of heading or term BUEsh
655 ## - INDEX TERM--GENRE/FORM
Form subdivision Reading book
942 ## - ADDED ENTRY ELEMENTS (KOHA)
Koha item type Book - Borrowing
Source of classification or shelving scheme Dewey Decimal Classification
Holdings
Withdrawn status Lost status Damaged status Not for loan Home library Current library Shelving location Date acquired Source of acquisition Total Checkouts Total Renewals Full call number Barcode Date last seen Date checked out Price effective from Koha item type Source of classification or shelving scheme
        Central Library Central Library First floor 08/03/2016 Purchase 3 2 543.0858YAD 000010385 15/07/2025 02/03/2016 16/03/2008 Book - Borrowing  
        Central Library Central Library First floor 08/03/2016 Purchase     543.0858YAD 000010459 15/07/2025     NB - Book (Non borrowing) Dewey Decimal Classification